<?xml version="1.0" encoding="UTF-8"?>
<record
    xmlns:xsi="http://www.w3.org/2001/XMLSchema-instance"
    xsi:schemaLocation="http://www.loc.gov/MARC21/slim http://www.loc.gov/standards/marcxml/schema/MARC21slim.xsd"
    xmlns="http://www.loc.gov/MARC21/slim">

  <leader>01980    a2200289   4500</leader>
  <controlfield tag="003">NALT</controlfield>
  <controlfield tag="005">20211116173601.0</controlfield>
  <controlfield tag="008">200813b        th ||||| |||| 00| 0 tha d</controlfield>
  <datafield tag="020" ind1=" " ind2=" ">
    <subfield code="a">9786164071803</subfield>
  </datafield>
  <datafield tag="040" ind1=" " ind2=" ">
    <subfield code="a">NALT</subfield>
  </datafield>
  <datafield tag="050" ind1=" " ind2=" ">
    <subfield code="a">HF 1379</subfield>
    <subfield code="b">&#xE01;152&#xE01; 2560</subfield>
  </datafield>
  <datafield tag="100" ind1="0" ind2=" ">
    <subfield code="a">&#xE01;&#xE23;&#xE01;&#xE23;&#xE31;&#xE13;&#xE22;&#xE4C; &#xE0A;&#xE35;&#xE27;&#xE30;&#xE15;&#xE23;&#xE30;&#xE01;&#xE38;&#xE25;&#xE1E;&#xE07;&#xE29;&#xE4C;</subfield>
    <subfield code="9">20007</subfield>
  </datafield>
  <datafield tag="245" ind1="0" ind2="0">
    <subfield code="a">&#xE01;&#xE32;&#xE23;&#xE40;&#xE1B;&#xE25;&#xE35;&#xE48;&#xE22;&#xE19;&#xE41;&#xE1B;&#xE25;&#xE07;&#xE23;&#xE39;&#xE1B;&#xE41;&#xE1A;&#xE1A;&#xE01;&#xE32;&#xE23;&#xE04;&#xE49;&#xE32;&#xE42;&#xE25;&#xE01; &#xE41;&#xE25;&#xE30;&#xE1C;&#xE25;&#xE01;&#xE23;&#xE30;&#xE17;&#xE1A;&#xE15;&#xE48;&#xE2D;&#xE23;&#xE39;&#xE1B;&#xE41;&#xE1A;&#xE1A;&#xE01;&#xE32;&#xE23;&#xE04;&#xE49;&#xE32;&#xE01;&#xE32;&#xE23;&#xE2A;&#xE48;&#xE07;&#xE2D;&#xE2D;&#xE01; &#xE41;&#xE25;&#xE30;&#xE01;&#xE32;&#xE23;&#xE40;&#xE1B;&#xE25;&#xE35;&#xE48;&#xE22;&#xE19;&#xE41;&#xE1B;&#xE25;&#xE07;&#xE40;&#xE0A;&#xE34;&#xE07;&#xE42;&#xE04;&#xE23;&#xE07;&#xE2A;&#xE23;&#xE49;&#xE32;&#xE07;&#xE02;&#xE2D;&#xE07;&#xE1B;&#xE23;&#xE30;&#xE40;&#xE17;&#xE28;&#xE44;&#xE17;&#xE22; /</subfield>
    <subfield code="c">&#xE1C;&#xE39;&#xE49;&#xE40;&#xE02;&#xE35;&#xE22;&#xE19; &#xE01;&#xE23;&#xE01;&#xE23;&#xE31;&#xE13;&#xE22;&#xE4C; &#xE0A;&#xE35;&#xE27;&#xE30;&#xE15;&#xE23;&#xE30;&#xE01;&#xE38;&#xE25;&#xE1E;&#xE07;&#xE29;&#xE4C;, &#xE18;&#xE19;&#xE30;&#xE1E;&#xE07;&#xE29;&#xE4C; &#xE42;&#xE1E;&#xE18;&#xE34;&#xE1B;&#xE34;&#xE15;&#xE34;, &#xE20;&#xE32;&#xE13;&#xE38;&#xE17;&#xE31;&#xE15; &#xE2A;&#xE31;&#xE0A;&#xE0C;&#xE30;&#xE44;&#xE0A;&#xE22;, &#xE13;&#xE31;&#xE10; &#xE1A;&#xE31;&#xE13;&#xE11;&#xE34;&#xE15;&#xE27;&#xE31;&#xE12;&#xE19;&#xE32;&#xE27;&#xE07;&#xE28;&#xE4C;, &#xE2D;&#xE32;&#xE20;&#xE32;&#xE01;&#xE23; &#xE19;&#xE1E;&#xE23;&#xE31;&#xE15;&#xE22;&#xE32;&#xE20;&#xE23;&#xE13;&#xE4C;.</subfield>
  </datafield>
  <datafield tag="246" ind1="3" ind2="1">
    <subfield code="a">The new normal of global trade : the impact on Thailand's export structure and stuctural changes</subfield>
  </datafield>
  <datafield tag="250" ind1=" " ind2=" ">
    <subfield code="a">&#xE1E;&#xE34;&#xE21;&#xE1E;&#xE4C;&#xE04;&#xE23;&#xE31;&#xE49;&#xE07;&#xE41;&#xE23;&#xE01;</subfield>
  </datafield>
  <datafield tag="260" ind1=" " ind2=" ">
    <subfield code="a">&#xE01;&#xE23;&#xE38;&#xE07;&#xE40;&#xE17;&#xE1E;&#xE2F; :</subfield>
    <subfield code="b">&#xE04;&#xE13;&#xE30;&#xE40;&#xE28;&#xE23;&#xE29;&#xE10;&#xE28;&#xE32;&#xE2A;&#xE15;&#xE23;&#xE4C; &#xE08;&#xE38;&#xE2C;&#xE32;&#xE25;&#xE01;&#xE23;&#xE13;&#xE4C;&#xE21;&#xE2B;&#xE32;&#xE27;&#xE34;&#xE17;&#xE22;&#xE32;&#xE25;&#xE31;&#xE22;,</subfield>
    <subfield code="c">2560.</subfield>
  </datafield>
  <datafield tag="300" ind1=" " ind2=" ">
    <subfield code="a">199 &#xE2B;&#xE19;&#xE49;&#xE32; :</subfield>
    <subfield code="b">&#xE20;&#xE32;&#xE1E;&#xE1B;&#xE23;&#xE30;&#xE01;&#xE2D;&#xE1A;, &#xE15;&#xE32;&#xE23;&#xE32;&#xE07; ;</subfield>
    <subfield code="c">21 &#xE0B;&#xE21;.</subfield>
  </datafield>
  <datafield tag="650" ind1=" " ind2="4">
    <subfield code="a">&#xE01;&#xE32;&#xE23;&#xE04;&#xE49;&#xE32;&#xE23;&#xE30;&#xE2B;&#xE27;&#xE48;&#xE32;&#xE07;&#xE1B;&#xE23;&#xE30;&#xE40;&#xE17;&#xE28;</subfield>
    <subfield code="9">9659</subfield>
  </datafield>
  <datafield tag="651" ind1=" " ind2="4">
    <subfield code="9">15392</subfield>
    <subfield code="a">&#xE44;&#xE17;&#xE22; </subfield>
    <subfield code="x">&#xE01;&#xE32;&#xE23;&#xE04;&#xE49;&#xE32;&#xE01;&#xE31;&#xE1A;&#xE15;&#xE48;&#xE32;&#xE07;&#xE1B;&#xE23;&#xE30;&#xE40;&#xE17;&#xE28; </subfield>
  </datafield>
  <datafield tag="700" ind1="0" ind2=" ">
    <subfield code="9">46732</subfield>
    <subfield code="a">&#xE18;&#xE19;&#xE30;&#xE1E;&#xE07;&#xE29;&#xE4C; &#xE42;&#xE1E;&#xE18;&#xE34;&#xE1B;&#xE34;&#xE15;&#xE34;</subfield>
  </datafield>
  <datafield tag="700" ind1="0" ind2=" ">
    <subfield code="a">&#xE20;&#xE32;&#xE13;&#xE38;&#xE17;&#xE31;&#xE15; &#xE2A;&#xE31;&#xE0A;&#xE0C;&#xE30;&#xE44;&#xE0A;&#xE22;</subfield>
    <subfield code="9">46733</subfield>
  </datafield>
  <datafield tag="700" ind1="0" ind2=" ">
    <subfield code="9">46734</subfield>
    <subfield code="a">&#xE13;&#xE31;&#xE10; &#xE1A;&#xE31;&#xE13;&#xE11;&#xE34;&#xE15;&#xE27;&#xE31;&#xE12;&#xE19;&#xE32;&#xE27;&#xE07;&#xE28;&#xE4C;</subfield>
  </datafield>
  <datafield tag="700" ind1="0" ind2=" ">
    <subfield code="9">46355</subfield>
    <subfield code="a">&#xE2D;&#xE32;&#xE20;&#xE32;&#xE01;&#xE23; &#xE19;&#xE1E;&#xE23;&#xE31;&#xE15;&#xE22;&#xE32;&#xE20;&#xE23;&#xE13;&#xE4C;</subfield>
  </datafield>
  <datafield tag="850" ind1=" " ind2=" ">
    <subfield code="a">NALT</subfield>
  </datafield>
  <datafield tag="942" ind1=" " ind2=" ">
    <subfield code="2">lcc</subfield>
    <subfield code="c">GB</subfield>
  </datafield>
  <datafield tag="998" ind1=" " ind2=" ">
    <subfield code="a">phon</subfield>
    <subfield code="b">phon</subfield>
    <subfield code="c">phon</subfield>
    <subfield code="j">104</subfield>
    <subfield code="k"> &#xE2A;&#xE32;&#xE22;&#xE1D;&#xE19; &#xE14;&#xE35;&#xE07;&#xE32;&#xE21;</subfield>
  </datafield>
  <datafield tag="999" ind1=" " ind2=" ">
    <subfield code="c">97409</subfield>
    <subfield code="d">97409</subfield>
  </datafield>
  <datafield tag="952" ind1=" " ind2=" ">
    <subfield code="0">0</subfield>
    <subfield code="1">0</subfield>
    <subfield code="2">lcc</subfield>
    <subfield code="4">0</subfield>
    <subfield code="7">0</subfield>
    <subfield code="8">CGBL</subfield>
    <subfield code="a">NALT</subfield>
    <subfield code="b">NALT</subfield>
    <subfield code="c">GEN</subfield>
    <subfield code="d">2020-07-21</subfield>
    <subfield code="e">1</subfield>
    <subfield code="o">HF 1379 &#xE01;152&#xE01; 2560</subfield>
    <subfield code="p">3961211140</subfield>
    <subfield code="r">2020-08-28 00:00:00</subfield>
    <subfield code="w">2020-07-21</subfield>
    <subfield code="y">GB</subfield>
  </datafield>
</record>
